[Event "Titled Tuesday intern op 04th Mar Early"]
[Site "Chess.com INT"]
[Date "2025.03.04"]
[Round "9"]
[White "Bodnaruk, Anastasia"]
[Black "Munoz Triana, Joseph Steve"]
[Result "0-1"]
[WhiteElo "2334"]
[BlackElo "2235"]
[PlyCount "88"]
[EventDate "2025.03.04"]
[EventType "swiss (blitz)"]
[EventRounds "11"]
[EventCountry "USA"]
[SourceTitle "CB11_2025"]
[SourceDate "2025.03.12"]
[SourceVersion "1"]
[SourceVersionDate "2025.03.12"]
[SourceQuality "1"]

1. e4 c5 2. Nc3 Nc6 3. Bb5 Nd4 4. Bc4 e6 5. Nge2 Ne7 6. 0-0 Nec6 7. d3 Be7 8. f4 0-0 9. Be3 a6 10. a4 f5 11. Kh1 Kh8 12. Qd2 Bf6 13. Bg1 d6 14. Nxd4 Bxd4 15. exf5 d5 16. Ba2 Rxf5 17. Bxd4 Nxd4 18. Ne2 Nxe2 19. Qxe2 Qf6 20. c3 Bd7 21. Qe3 Rf8 22. Qxc5 Rxf4 23. Rxf4 Qxf4 24. a5 Bb5 25. c4 dxc4 26. Bxc4 Bc6 27. Rg1 Rf5 28. Qe7 e5 29. Qe6 Rf8 30. Bd5 Qf6 31. Qxf6 gxf6 32. Bxc6 bxc6 33. Rc1 Rc8 34. Kg1 Kg7 35. Kf2 Kf7 36. Ke3 Ke6 37. b4 Kd6 38. Rc4 Rg8 39. g3 h5 40. Rh4 Rg4 41. d4 exd4+ 42. Kd3 Rxh4 43. gxh4 Kd5 44. b5 cxb5 0-1

[Event "Titled Tuesday intern op 04th Mar Early"]
[Site "Chess.com INT"]
[Date "2025.03.04"]
[Round "5"]
[White "Munoz Triana, Joseph Steve"]
[Black "Ambartsumova, Karina"]
[Result "0-1"]
[WhiteElo "2235"]
[BlackElo "2405"]
[PlyCount "84"]
[EventDate "2025.03.04"]
[EventType "swiss (blitz)"]
[EventRounds "11"]
[EventCountry "USA"]
[SourceTitle "CB11_2025"]
[SourceDate "2025.03.12"]
[SourceVersion "1"]
[SourceVersionDate "2025.03.12"]
[SourceQuality "1"]

1. e4 c5 2. Nf3 a6 3. d4 cxd4 4. Nxd4 Nf6 5. Bd3 e5 6. Ne2 d5 7. exd5 Qxd5 8. 0-0 Bg4 9. Nbc3 Qc6 10. h3 Bh5 11. Bg5 Be7 12. Bxf6 Bxf6 13. Be4 Qc8 14. Nd5 Bd8 15. Qd3 Bxe2 16. Qxe2 0-0 17. Qh5 f5 18. Bf3 Nc6 19. c3 Qe6 20. Rad1 Rc8 21. Nb6 e4 22. Nxc8 Qxc8 23. Be2 Qe6 24. b3 Ne5 25. f4 Qb6+ 26. Kh2 Ng6 27. Bc4+ Kh8 28. Rd5 Qf6 29. g3 b5 30. Be2 Bb6 31. c4 bxc4 32. Bxc4 Qb2+ 33. Qe2 Qc3 34. Bxa6 e3 35. Bd3 Ne7 36. Re5 Nc6 37. Rxf5 Rd8 38. Be4 Nd4 39. Qh5 Nxf5 40. Bxf5 Rd2+ 41. Kh1 Qc6+ 42. Rf3 Qc1+ 0-1

[Event "COL-ch U20"]
[Site "Bogota"]
[Date "2025.02.02"]
[Round "9"]
[White "Munoz Triana, Joseph Steve"]
[Black "Bolanos Lopez, Juan Jacobo"]
[Result "1-0"]
[WhiteElo "2246"]
[BlackElo "2104"]
[PlyCount "59"]
[EventDate "2025.01.29"]
[EventType "tourn"]
[EventRounds "9"]
[EventCountry "COL"]
[SourceTitle "CB06_2025"]
[SourceDate "2025.02.05"]
[SourceVersion "1"]
[SourceVersionDate "2025.02.05"]
[SourceQuality "1"]

1. e4 c5 2. Nf3 e6 3. c4 a6 4. Nc3 Qc7 5. a3 d6 6. d4 cxd4 7. Nxd4 Nf6 8. Be2 Be7 9. 0-0 Nbd7 10. Be3 0-0 11. Rc1 b6 12. b4 Bb7 13. f3 Rfe8 14. Qd2 Rac8 15. Nb3 Qb8 16. Rfd1 Bd8 17. Bf4 Ne5 18. Bxe5 dxe5 19. c5 h6 20. Kh1 Nh5 21. Rc2 b5 22. a4 Bc6 23. axb5 axb5 24. Ra2 Nf4 25. Bf1 Bc7 26. Rda1 Rcd8 27. Qc2 Rd4 28. g3 Ng6 29. Ra6 Qb7 30. Rxc6 1-0

[Event "COL-ch U20"]
[Site "Bogota"]
[Date "2025.02.01"]
[Round "7"]
[White "Munoz Triana, Joseph Steve"]
[Black "Borre Meza, Orlando David"]
[Result "1-0"]
[WhiteElo "2246"]
[BlackElo "1883"]
[PlyCount "39"]
[EventDate "2025.01.29"]
[EventType "tourn"]
[EventRounds "9"]
[EventCountry "COL"]
[SourceTitle "CB06_2025"]
[SourceDate "2025.02.05"]
[SourceVersion "1"]
[SourceVersionDate "2025.02.05"]
[SourceQuality "1"]

1. e4 e5 2. Nf3 Nc6 3. d4 exd4 4. Nxd4 Bc5 5. Be3 Qf6 6. c3 Nge7 7. Bc4 Bb6 8. 0-0 0-0 9. Bb3 d6 10. Nb5 Rd8 11. Bxb6 cxb6 12. Nc7 Rb8 13. f4 Be6 14. Nd5 Bxd5 15. exd5 Na5 16. Bc2 Rbc8 17. Nd2 g6 18. f5 Qh8 19. Qf3 Rf8 20. f6 1-0

[Event "COL-ch U20"]
[Site "Bogota"]
[Date "2025.01.31"]
[Round "5"]
[White "Munoz Triana, Joseph Steve"]
[Black "Mora Munoz, Alejandro"]
[Result "1/2-1/2"]
[WhiteElo "2246"]
[BlackElo "2098"]
[PlyCount "61"]
[EventDate "2025.01.29"]
[EventType "tourn"]
[EventRounds "9"]
[EventCountry "COL"]
[SourceTitle "CB06_2025"]
[SourceDate "2025.02.05"]
[SourceVersion "1"]
[SourceVersionDate "2025.02.05"]
[SourceQuality "1"]

1. e4 c5 2. Nf3 d6 3. d4 cxd4 4. Nxd4 Nf6 5. Nc3 a6 6. h3 e5 7. Nf3 Be6 8. Ng5 b5 9. Be3 Nbd7 10. a3 Nb6 11. Nxe6 fxe6 12. g4 h6 13. h4 Nc4 14. Bxc4 bxc4 15. Qe2 Qc7 16. 0-0-0 h5 17. g5 Nd7 18. f4 exf4 19. Bxf4 Ne5 20. Rd4 Rc8 21. Rhd1 Be7 22. g6 Qc5 23. Bxe5 dxe5 24. Rd7 Rb8 25. Na4 Qb5 26. Qd2 Rf8 27. Rxe7+ Kxe7 28. Qd6+ Kf6 29. Rf1+ Kxg6 30. Rxf8 Rxf8 31. Qxf8 1/2-1/2

[Event "COL-ch U20"]
[Site "Bogota"]
[Date "2025.01.30"]
[Round "3"]
[White "Munoz Triana, Joseph Steve"]
[Black "Madrigal Montagutt, Anthony Steve"]
[Result "1-0"]
[WhiteElo "2246"]
[BlackElo "1926"]
[PlyCount "99"]
[EventDate "2025.01.29"]
[EventType "tourn"]
[EventRounds "9"]
[EventCountry "COL"]
[SourceTitle "CB06_2025"]
[SourceDate "2025.02.05"]
[SourceVersion "1"]
[SourceVersionDate "2025.02.05"]
[SourceQuality "1"]

1. e4 e6 2. d3 d5 3. Nd2 c5 4. Ngf3 Nc6 5. g3 Nf6 6. Bg2 g6 7. 0-0 Bg7 8. Re1 0-0 9. c3 e5 10. exd5 Nxd5 11. Nc4 Re8 12. a4 Bf5 13. h3 Nc7 14. Bf1 h5 15. a5 Qd7 16. Be3 Bxh3 17. Bxh3 Qxh3 18. Nd6 Rf8 19. Ng5 Qd7 20. Nxb7 Nd5 21. Nxc5 Qe7 22. Qd2 Bh6 23. f4 exf4 24. gxf4 Nxf4 25. Bxf4 Qxc5+ 26. d4 Qf5 27. Nh3 Bxf4 28. Nxf4 Nxa5 29. Qf2 Nc4 30. b3 Nd6 31. Re5 Qg4+ 32. Kh2 Nf5 33. Rg1 Qh4+ 34. Qxh4 Nxh4 35. Rg3 Rfe8 36. Rxh5 Nf3+ 37. Kg2 Nd2 38. Rh1 Re4 39. Rgh3 Rae8 40. Nd5 Re2+ 41. Kg3 Ne4+ 42. Kf4 g5+ 43. Kf3 Nd2+ 44. Kg4 Rg2+ 45. Kf5 Rf2+ 46. Nf4 Rxf4+ 47. Kxg5 Rh4 48. Kxh4 Nxb3 49. Kg4 Nd2 50. Kg5 1-0

[Event "COL-ch U20"]
[Site "Bogota"]
[Date "2025.01.29"]
[Round "1"]
[White "Munoz Triana, Joseph Steve"]
[Black "Galvis Cala, Miguel Angel"]
[Result "1-0"]
[WhiteElo "2246"]
[BlackElo "1704"]
[PlyCount "71"]
[EventDate "2025.01.29"]
[EventType "tourn"]
[EventRounds "9"]
[EventCountry "COL"]
[SourceTitle "CB06_2025"]
[SourceDate "2025.02.05"]
[SourceVersion "1"]
[SourceVersionDate "2025.02.05"]
[SourceQuality "1"]

1. e4 c5 2. Nf3 d6 3. d4 cxd4 4. Nxd4 Nf6 5. Nc3 a6 6. Bd3 e5 7. Nde2 Be6 8. 0-0 Be7 9. h3 0-0 10. Ng3 Nbd7 11. Nd5 Nc5 12. c4 h6 13. a4 Nfd7 14. Bc2 Nb6 15. Nxe7+ Qxe7 16. b3 a5 17. f4 f6 18. f5 Bf7 19. Be3 Kh7 20. Ne2 g5 21. fxg6+ Bxg6 22. Nc3 Ra6 23. Qe1 Nbd7 24. Qh4 Qg7 25. Rad1 h5 26. Rd2 Rd8 27. Nd5 Rf8 28. Rdf2 Raa8 29. Kh2 Kg8 30. Nxf6+ Nxf6 31. Rxf6 Rxf6 32. Rf2 Rf4 33. Rxf4 Bf7 34. Rf6 Qh7 35. Bh6 Kh8 36. Qg5 1-0

[Event "Wch U18"]
[Site "Florianopolis"]
[Date "2024.11.05"]
[Round "7"]
[White "Munoz Triana, Joseph Steve"]
[Black "Rodrigues Mota, Romulo Cardoso S"]
[Result "1-0"]
[WhiteElo "2274"]
[BlackElo "2066"]
[PlyCount "79"]
[EventDate "2024.10.29"]
[EventType "swiss"]
[EventRounds "11"]
[EventCountry "BRA"]
[SourceTitle "CB45_2024"]
[Source "ChessBase"]
[SourceDate "2024.11.06"]
[SourceVersion "1"]
[SourceVersionDate "2024.11.06"]
[SourceQuality "1"]

1. d4 Nf6 2. c4 g6 3. Nc3 Bg7 4. e4 d6 5. g3 0-0 6. Bg2 c5 7. d5 e6 8. Nge2 exd5 9. cxd5 Re8 10. Qc2 Bd7 11. a4 Na6 12. Bf4 Nb4 13. Qd2 Nh5 14. Bxd6 Bxa4 15. 0-0 Qxd6 16. Rxa4 a6 17. f4 b5 18. e5 Qb6 19. Raa1 c4+ 20. Kh1 Nd3 21. Nc1 Nxe5 22. fxe5 Rxe5 23. g4 Nf6 24. Qf4 Rae8 25. h3 b4 26. N3e2 c3 27. b3 g5 28. Qc4 a5 29. Ng3 Re1 30. Nce2 Rxa1 31. Rxa1 Nd7 32. Rf1 Qc5 33. Qd3 Re3 34. Qf5 Qe7 35. d6 Qe6 36. Qxg5 Rxe2 37. Nxe2 Qxe2 38. Qe7 Qxf1+ 39. Bxf1 c2 40. Qg5 1-0

[Event "Olympiad-45"]
[Site "Budapest"]
[Date "2024.09.11"]
[Round "1.44"]
[White "Semedo, Adelino Cardoso Cab"]
[Black "Munoz Triana, Joseph Steve"]
[Result "0-1"]
[WhiteElo "1827"]
[BlackElo "2270"]
[PlyCount "70"]
[EventDate "2024.09.11"]
[EventType "team-swiss"]
[EventRounds "11"]
[EventCountry "HUN"]
[SourceTitle "EXT 2025"]
[Source "ChessBase"]
[SourceDate "2024.10.14"]
[SourceVersion "1"]
[SourceVersionDate "2024.10.14"]
[SourceQuality "1"]
[WhiteTeam "Sao Tome and Principe"]
[BlackTeam "Colombia"]
[WhiteTeamCountry "SAO"]
[BlackTeamCountry "COL"]

1. d4 Nf6 2. Nf3 e6 3. Bf4 c5 4. c3 Nc6 5. e3 d5 6. Nbd2 Bd6 7. Bg3 0-0 8. Bd3 Re8 9. Ne5 Bxe5 10. dxe5 Nd7 11. f4 c4 12. Be2 Qb6 13. Bf2 Qxb2 14. Qc1 Qxc1+ 15. Rxc1 b5 16. e4 Nb6 17. Rb1 Na4 18. Rxb5 Nxc3 19. Rc5 Nb4 20. exd5 exd5 21. Kf1 Nxe2 22. Kxe2 Nd3 23. Ra5 Nxf4+ 24. Kf3 Nd3 25. Bd4 Nxe5+ 26. Kg3 Nc6 27. Rxd5 Be6 28. Rd6 Red8 29. Rxc6 Rxd4 30. Nf3 Rd3 31. Rb1 Ra3 32. Rb2 h6 33. Kf4 Rd8 34. Nd2 c3 35. Rb3 cxd2 0-1

[Event "Medellin Castro Memorial op-A 31st"]
[Site "Medellin"]
[Date "2024.08.11"]
[Round "9"]
[White "Rueda Rojas, Richard Alejandro"]
[Black "Munoz Triana, Joseph Steve"]
[Result "1/2-1/2"]
[WhiteElo "1975"]
[BlackElo "2300"]
[PlyCount "180"]
[EventDate "2024.08.07"]
[EventType "swiss"]
[EventRounds "10"]
[EventCountry "COL"]
[SourceTitle "CBM 221 Extra"]
[Source "ChessBase"]
[SourceDate "2024.09.30"]
[SourceVersion "1"]
[SourceVersionDate "2024.09.30"]
[SourceQuality "1"]

1. Nf3 Nf6 2. c4 c5 3. g3 Nc6 4. Bg2 d5 5. d4 dxc4 6. Qa4 Bd7 7. dxc5 e5 8. Qxc4 Qa5+ 9. Nc3 Bxc5 10. 0-0 h6 11. Bd2 Be6 12. Qh4 0-0-0 13. Ne4 Rxd2 14. Nexd2 Be7 15. b4 Qa4 16. Rac1 Kb8 17. b5 Qxh4 18. gxh4 Nd4 19. Nxd4 exd4 20. Nf3 d3 21. exd3 Bxa2 22. Ne5 Be6 23. Ng6 fxg6 24. Rce1 Nd7 25. Rxe6 Bxh4 26. Rfe1 Bf6 27. d4 Rd8 28. d5 Nc5 29. R6e2 Kc7 30. Rc2 Kb6 31. Rb1 Be5 32. h3 Bd6 33. Re2 Rf8 34. Re3 g5 35. Rf3 Bf4 36. Re1 Rf5 37. Kh1 Rf7 38. Kg1 Rd7 39. Rb1 Re7 40. Rd1 Kxb5 41. Rb1+ Kc4 42. Ra3 b6 43. Ra2 Bd6 44. Rc2+ Kd4 45. Ra2 Ke5 46. Re1+ Kf6 47. Rxe7 Bxe7 48. Rxa7 Nd3 49. Be4 Nf4 50. Rc7 Bc5 51. Kh2 Bd6 52. Rc6 Ke7 53. f3 b5 54. Kg1 Nxh3+ 55. Kf1 Nf4 56. Rb6 b4 57. Rb7+ Kf6 58. Rd7 Ke5 59. Rxg7 Nxd5 60. Rg8 Nf6 61. Rh8 h5 62. Bc2 Kd4 63. Rd8 Ke5 64. Ra8 Nd5 65. Bb3 Ne3+ 66. Ke2 Nf5 67. Kd3 Kf4 68. Rd8 h4 69. Be6 h3 70. Rh8 Nh4 71. Bxh3 Nxf3 72. Bc8 Ne5+ 73. Kc2 g4 74. Rd8 Be7 75. Re8 Bd6 76. Rd8 Be7 77. Re8 Ng6 78. Rg8 Ne5 79. Re8 Bf6 80. Rf8 Kg5 81. Rg8+ Kh4 82. Kb3 g3 83. Kxb4 Nc6+ 84. Kc4 Ne7 85. Rg4+ Kh5 86. Be6 Be5 87. Kd3 Nd5 88. Rxg3 Nb4+ 89. Kc4 Bxg3 90. Kxb4 Be5 1/2-1/2

[Event "Medellin Castro Memorial op-A 31st"]
[Site "Medellin"]
[Date "2024.08.09"]
[Round "5"]
[White "Tobar Beltran, Carlos Andres"]
[Black "Munoz Triana, Joseph Steve"]
[Result "0-1"]
[WhiteElo "2075"]
[BlackElo "2300"]
[PlyCount "64"]
[EventDate "2024.08.07"]
[EventType "swiss"]
[EventRounds "10"]
[EventCountry "COL"]
[SourceTitle "CBM 221 Extra"]
[Source "ChessBase"]
[SourceDate "2024.09.30"]
[SourceVersion "1"]
[SourceVersionDate "2024.09.30"]
[SourceQuality "1"]

1. d4 Nf6 2. Nf3 e6 3. Bg5 d5 4. Nbd2 Be7 5. c3 c5 6. e3 Nc6 7. Bd3 Qc7 8. 0-0 0-0 9. Qe2 h6 10. Bh4 cxd4 11. exd4 Nh5 12. Bxe7 Nf4 13. Qe3 Nxe7 14. Bc2 f6 15. Rfe1 Nf5 16. Bxf5 exf5 17. Qe7 Bd7 18. Qc5 Qxc5 19. dxc5 Nd3 20. Re7 Rf7 21. Rxf7 Kxf7 22. b4 a5 23. a3 axb4 24. cxb4 Nxb4 25. Rb1 Nd3 26. Rxb7 Nxc5 27. Rc7 Ra5 28. Nd4 Ke8 29. g3 Kd8 30. N2b3 Nxb3 31. Nxb3 Kxc7 32. Nxa5 Ba4 0-1

[Event "Medellin Castro Memorial op-A 31st"]
[Site "Medellin"]
[Date "2024.08.08"]
[Round "3"]
[White "Ramos Ariza, Juan Manuel"]
[Black "Munoz Triana, Joseph Steve"]
[Result "1/2-1/2"]
[WhiteElo "2055"]
[BlackElo "2300"]
[PlyCount "156"]
[EventDate "2024.08.07"]
[EventType "swiss"]
[EventRounds "10"]
[EventCountry "COL"]
[SourceTitle "CBM 221 Extra"]
[Source "ChessBase"]
[SourceDate "2024.09.30"]
[SourceVersion "1"]
[SourceVersionDate "2024.09.30"]
[SourceQuality "1"]

1. e4 c5 2. Nf3 Nc6 3. Nc3 e6 4. g3 d5 5. d3 d4 6. Ne2 e5 7. Bg2 Bd6 8. 0-0 Nge7 9. Nh4 f6 10. f4 Be6 11. a3 c4 12. f5 Bf7 13. g4 Na5 14. g5 cxd3 15. cxd3 Nb3 16. gxf6 gxf6 17. Rb1 Rg8 18. Ng3 Nc6 19. Bf3 Ke7 20. Bh6 b5 21. Kh1 Kd7 22. Bh5 Qe8 23. Be2 Bf8 24. Bxf8 Qxf8 25. Bh5 a5 26. Nf3 a4 27. Bxf7 Qxf7 28. Nd2 Nca5 29. Nxb3 Nxb3 30. Qe1 Qf8 31. Rg1 Rc8 32. Rg2 h5 33. Qe2 h4 34. Nh5 Rxg2 35. Qxg2 Qh6 36. Qg6 Qxg6 37. fxg6 Ke7 38. g7 Kf7 39. Rg1 Rg8 40. Rf1 Kg6 41. Nxf6 Rxg7 42. Ng4 Kh5 43. Nxe5 h3 44. Rf5+ Kh4 45. Rf4+ Kh5 46. Rf3 Kh4 47. Rf4+ Kh5 48. Rf5+ Kh4 49. Nf3+ Kg4 50. Ne5+ Kh4 51. Nf3+ Kg4 52. Ng1 Rc7 53. Rf3 Rc1 54. Rg3+ Kf4 55. Rf3+ Kg4 56. Rg3+ Kf4 57. Rxh3 Nc5 58. Rf3+ Kg4 59. Rg3+ Kf4 60. Rf3+ Kg4 61. h3+ Kh4 62. Rf4+ Kg3 63. Rf3+ Kh4 64. e5 Re1 65. Rf4+ Kg3 66. Rf3+ Kh4 67. Rf4+ Kg3 68. Rxd4 Kf2 69. Rf4+ Ke3 70. Rf3+ Kd4 71. Rf4+ Kxd3 72. Rb4 Rxe5 73. Rxb5 Ke3 74. Rb4 Rd5 75. Rb5 Kf2 76. h4 Rd1 77. Kh2 Rxg1 78. Rxc5 Rg2+ 1/2-1/2

[Event "American Continental 18th"]
[Site "Medellin"]
[Date "2024.06.02"]
[Round "11"]
[White "Munoz Triana, Joseph Steve"]
[Black "Tobar Beltran, Carlos Andres"]
[Result "1/2-1/2"]
[WhiteElo "2362"]
[BlackElo "2018"]
[PlyCount "161"]
[EventDate "2024.05.24"]
[EventType "swiss"]
[EventRounds "11"]
[EventCountry "COL"]
[SourceTitle "CBM 220 Extra"]
[Source "ChessBase"]
[SourceDate "2024.07.31"]
[SourceVersion "1"]
[SourceVersionDate "2024.07.31"]
[SourceQuality "1"]

1. e4 b6 2. d4 Bb7 3. Bd3 Nf6 4. Qe2 e6 5. c4 Bb4+ 6. Bd2 Bxd2+ 7. Nxd2 d6 8. f4 e5 9. fxe5 dxe5 10. d5 Qe7 11. Ngf3 Nbd7 12. 0-0 0-0 13. h3 Nh5 14. Kh2 Kh8 15. g3 g6 16. Rae1 Rae8 17. Nh4 Nxg3 18. Kxg3 Qg5+ 19. Qg4 Qxd2 20. Qxd7 Qxd3+ 21. Rf3 Qd2 22. Ng2 Qg5+ 23. Kh2 Re7 24. Qa4 a6 25. h4 Qh5 26. Qa3 Rfe8 27. Ref1 Kg7 28. Qe3 Bc8 29. Rf6 Qg4 30. b4 h6 31. c5 bxc5 32. bxc5 g5 33. Qf3 Qxf3 34. R1xf3 Bg4 35. Rf2 Be2 36. hxg5 hxg5 37. R6f5 Rh8+ 38. Kg3 Bd3 39. Rxg5+ Kf8 40. Rg4 Ke8 41. Ne3 Kd7 42. Nf5 Ree8 43. c6+ Kc8 44. d6 Re6 45. d7+ Kd8 46. Rb2 Bb5 47. a4 Rxc6 48. axb5 Rc3+ 49. Kg2 axb5 50. Rd2 Rch3 51. Rd5 b4 52. Rxe5 Kxd7 53. Re7+ Kc6 54. e5 b3 55. Rc4+ Kb5 56. Rexc7 Rh2+ 57. Kg3 R8h3+ 58. Kg4 b2 59. Nd6+ Ka6 60. R7c6+ Ka5 61. R6c5+ Ka6 62. Rc6+ Ka5 63. R6c5+ Ka6 64. Rc6+ Ka5 65. Nb7+ Kb5 66. R4c5+ Ka4 67. Rb6 Rh4+ 68. Kg3 R2h3+ 69. Kg2 Rh2+ 70. Kg3 R2h3+ 71. Kg2 Rh2+ 72. Kg3 R2h3+ 73. Kg2 Rb4 74. Ra6+ Kb3 75. Na5+ Ka2 76. Nc6+ Kb3 77. Na5+ Ka2 78. Nc6+ Ra3 79. Nxb4+ Kb3 80. Nc6 Ra5 81. Rcxa5 1/2-1/2

[Event "American Continental Rapid 18th"]
[Site "Medellin"]
[Date "2024.06.01"]
[Round "3"]
[White "Munoz Triana, Joseph Steve"]
[Black "Zapata Sanchez, Juan Jose"]
[Result "0-1"]
[WhiteElo "2319"]
[BlackElo "1847"]
[PlyCount "148"]
[EventDate "2024.06.01"]
[EventType "swiss (rapid)"]
[EventRounds "9"]
[EventCountry "COL"]
[SourceTitle "CBM 220 Extra"]
[Source "ChessBase"]
[SourceDate "2024.07.31"]
[SourceVersion "1"]
[SourceVersionDate "2024.07.31"]
[SourceQuality "1"]

1. b3 Nf6 2. Bb2 g6 3. c4 c5 4. e3 Bg7 5. d4 cxd4 6. exd4 0-0 7. d5 d6 8. Bd3 e6 9. dxe6 fxe6 10. Nf3 e5 11. Be2 Nc6 12. 0-0 Qc7 13. Nc3 a6 14. Rc1 Rd8 15. Nd5 Qf7 16. Ng5 Qf8 17. f4 e4 18. Nxf6+ Bxf6 19. Qd5+ Kg7 20. Bxf6+ Qxf6 21. Nxe4 Qd4+ 22. Qxd4+ Nxd4 23. Bf3 Rf8 24. g3 Bh3 25. Rf2 Rae8 26. Bh1 Bf5 27. Rd1 Bxe4 28. Rxd4 Bxh1 29. Kxh1 Rf6 30. Rfd2 Kh6 31. Kg2 Ree6 32. g4 Kg7 33. Kf2 h5 34. h3 b5 35. Rd1 Re7 36. Re1 Rc7 37. Kf3 Rcf7 38. Re8 bxc4 39. bxc4 Rb7 40. Ra8 Rb6 41. Ke4 Rb2 42. Rxa6 d5+ 43. cxd5 Rxa6 44. d6 Rb8 45. gxh5 gxh5 46. Kf5 Kf7 47. Kg5 Rd8 48. d7 Rxa2 49. Rd6 Rg2+ 50. Kf5 Rg7 51. Ke5 Rg3 52. Rh6 Rxd7 53. Rh7+ Rg7 54. Rxh5 Ra7 55. f5 Ra5+ 56. Kf4 Ra1 57. h4 Rag1 58. Ke5 Re1+ 59. Kf4 Rgg1 60. Rh7+ Kg8 61. Rh5 Ref1+ 62. Ke5 Rg4 63. Kf6 Rg7 64. Rg5 Rxg5 65. hxg5 Ra1 66. Kg6 Ra6+ 67. Kh5 Kg7 68. Kg4 Ra4+ 69. Kg3 Kf7 70. Kf3 Ke7 71. Ke3 Kd6 72. f6 Ke6 73. Kf3 Kf5 74. f7 Ra8 0-1

[Event "American Continental Rapid 18th"]
[Site "Medellin"]
[Date "2024.06.01"]
[Round "2"]
[White "Ortiz Lopera, Miguel Angel"]
[Black "Munoz Triana, Joseph Steve"]
[Result "1/2-1/2"]
[WhiteElo "2001"]
[BlackElo "2319"]
[PlyCount "93"]
[EventDate "2024.06.01"]
[EventType "swiss (rapid)"]
[EventRounds "9"]
[EventCountry "COL"]
[SourceTitle "CBM 220 Extra"]
[Source "ChessBase"]
[SourceDate "2024.07.31"]
[SourceVersion "1"]
[SourceVersionDate "2024.07.31"]
[SourceQuality "1"]

1. e4 c5 2. Nf3 e6 3. d4 cxd4 4. Nxd4 a6 5. c4 Nf6 6. Nc3 Bb4 7. Qd3 d5 8. exd5 exd5 9. Be2 0-0 10. 0-0 dxc4 11. Qxc4 Bd6 12. Bg5 b5 13. Bxf6 bxc4 14. Bxd8 Rxd8 15. Rad1 g6 16. Bxc4 Bb7 17. Be2 Nc6 18. Bf3 Nxd4 19. Bxb7 Rab8 20. Bd5 Be5 21. Rfe1 Bf6 22. b3 Kg7 23. Bc4 Nxb3 24. axb3 Bxc3 25. Rxd8 Rxd8 26. Rc1 Bd2 27. Rd1 a5 28. Kf1 f5 29. h4 Rd6 30. g3 Kf6 31. Ke2 Bb4 32. Rxd6+ Bxd6 33. f4 h6 34. Kf3 g5 35. hxg5+ hxg5 36. fxg5+ Kxg5 37. Be6 Kf6 38. Bc4 Ke5 39. Bg8 Kd4 40. Be6 Kc3 41. Bf7 Be5 42. Be6 Kb4 43. Bf7 a4 44. bxa4 Kxa4 45. Be6 Bxg3 46. Kxg3 f4+ 47. Kxf4 1/2-1/2

[Event "American Continental 18th"]
[Site "Medellin"]
[Date "2024.05.31"]
[Round "10"]
[White "Rivera, Ingris"]
[Black "Munoz Triana, Joseph Steve"]
[Result "1/2-1/2"]
[WhiteElo "2170"]
[BlackElo "2362"]
[PlyCount "140"]
[EventDate "2024.05.24"]
[EventType "swiss"]
[EventRounds "11"]
[EventCountry "COL"]
[SourceTitle "CBM 220 Extra"]
[Source "ChessBase"]
[SourceDate "2024.07.31"]
[SourceVersion "1"]
[SourceVersionDate "2024.07.31"]
[SourceQuality "1"]

1. d4 Nf6 2. c4 e6 3. Nc3 Bb4 4. Qc2 c5 5. dxc5 0-0 6. a3 Bxc5 7. Nf3 d5 8. e3 b6 9. cxd5 Nxd5 10. Bd3 h6 11. Nxd5 exd5 12. b4 Be7 13. Bb2 a5 14. 0-0 Bb7 15. Nd4 Nd7 16. Nf5 Bf6 17. Bd4 Ne5 18. Be2 Nc6 19. bxa5 Nxd4 20. Nxd4 Rxa5 21. Qb3 Be7 22. Rfd1 Bc5 23. Bf3 Qg5 24. h3 Re8 25. a4 Re7 26. Ne2 Qf6 27. Nd4 Re5 28. Rac1 Rg5 29. Kf1 Ba6+ 30. Ne2 Bc4 31. Rxc4 dxc4 32. Qxc4 Re5 33. Nc3 g6 34. Nd5 Qe6 35. Qf4 Kg7 36. Nc7 Qf6 37. Qc4 Re7 38. Nd5 Qe6 39. Qh4 Rd7 40. Qc4 Bd6 41. Nxb6 Qxc4+ 42. Nxc4 Ra6 43. a5 Kf8 44. Rxd6 Raxd6 45. Nxd6 Rxd6 46. Bb7 Rd1+ 47. Ke2 Ra1 48. a6 Ra3 49. Kf3 Ke7 50. h4 Kd6 51. Kf4 Ra4+ 52. e4 Ke6 53. g4 f5 54. gxf5+ gxf5 55. Bc8+ Kf6 56. Bxf5 Rxa6 57. e5+ Ke7 58. Kg4 Ra1 59. f4 Rg1+ 60. Kh5 Rf1 61. Kxh6 Rxf4 62. Kg5 Rf1 63. h5 Rg1+ 64. Bg4 Kf7 65. e6+ Kg7 66. h6+ Kh7 67. e7 Re1 68. Bf5+ Kh8 69. Kf6 Rxe7 70. Kxe7 Kg8 1/2-1/2

[Event "American Continental 18th"]
[Site "Medellin"]
[Date "2024.05.29"]
[Round "8"]
[White "Guerrero Fandino, Gustavo A"]
[Black "Munoz Triana, Joseph Steve"]
[Result "0-1"]
[WhiteElo "2127"]
[BlackElo "2362"]
[PlyCount "88"]
[EventDate "2024.05.24"]
[EventType "swiss"]
[EventRounds "11"]
[EventCountry "COL"]
[SourceTitle "CBM 220 Extra"]
[Source "ChessBase"]
[SourceDate "2024.07.31"]
[SourceVersion "1"]
[SourceVersionDate "2024.07.31"]
[SourceQuality "1"]

1. e4 c5 2. Nf3 e6 3. d4 cxd4 4. Nxd4 a6 5. Bd3 Qc7 6. c4 Nf6 7. Nc3 Nc6 8. Nxc6 dxc6 9. Qe2 Bd6 10. h3 0-0 11. 0-0 e5 12. Be3 b5 13. Rac1 Qe7 14. c5 Bc7 15. b4 a5 16. a3 h6 17. g4 Nh7 18. f3 Rd8 19. Rfd1 Be6 20. Qf2 axb4 21. axb4 Ra3 22. f4 exf4 23. Bxf4 Bxf4 24. Qxf4 Qg5 25. Qg3 Nf8 26. e5 Rd4 27. Ne2 Re4 28. Bxe4 Rxg3+ 29. Nxg3 Qxe5 30. Rd3 Bc4 31. Re3 g6 32. Rce1 Qb2 33. Bxc6 Qxb4 34. Ne4 Ne6 35. Rd1 Kg7 36. Bd5 Nxc5 37. Bxc4 bxc4 38. Nxc5 Qxc5 39. Kf2 h5 40. gxh5 Qxh5 41. Rd4 Qc5 42. Rd2 c3 43. Rd1 Qb6 44. Ke2 Qb2+ 0-1

[Event "American Continental 18th"]
[Site "Medellin"]
[Date "2024.05.27"]
[Round "5"]
[White "Munoz Triana, Joseph Steve"]
[Black "Montilla Reyes, Jorcerys"]
[Result "1-0"]
[WhiteElo "2362"]
[BlackElo "2147"]
[PlyCount "105"]
[EventDate "2024.05.24"]
[EventType "swiss"]
[EventRounds "11"]
[EventCountry "COL"]
[SourceTitle "CBM 220 Extra"]
[Source "ChessBase"]
[SourceDate "2024.07.31"]
[SourceVersion "1"]
[SourceVersionDate "2024.07.31"]
[SourceQuality "1"]

1. e4 c5 2. Nf3 e6 3. d4 cxd4 4. Nxd4 Nf6 5. Nc3 d6 6. a4 Nc6 7. Be3 Be7 8. Be2 0-0 9. 0-0 a6 10. Nb3 b6 11. f3 Qc7 12. Qe1 Nd7 13. Rd1 Nb4 14. Rd2 Nc5 15. Qf2 Bd7 16. e5 d5 17. a5 Nxb3 18. axb6 Qxe5 19. cxb3 Nc6 20. f4 Qb8 21. Bc5 Bxc5 22. Qxc5 Rc8 23. f5 Ne5 24. Qe3 Rc6 25. Na4 Qd6 26. f6 Ng6 27. fxg7 Kxg7 28. h4 Qe5 29. Qf2 f5 30. h5 Ne7 31. Re1 Qd6 32. h6+ Kxh6 33. Rd3 Ng6 34. Rh3+ Kg7 35. Bh5 Qf4 36. Bf3 Rc1 37. Nc5 Rxe1+ 38. Qxe1 Qd4+ 39. Qf2 Qxf2+ 40. Kxf2 Ne5 41. Be2 Rb8 42. Re3 Rxb6 43. Rxe5 Bc8 44. Re3 d4 45. Rg3+ Kf8 46. Bc4 Kf7 47. Rh3 Kg7 48. Nd3 a5 49. Kf3 Bb7+ 50. Kf4 Kh8 51. Rg3 Be4 52. Nc5 Rc6 53. Nxe4 1-0